Wochentage auf Französisch - Statistiken

Allgemein
  • Dieses Quiz wurde 45 mal gespielt
  • Das Durchschnittsergebnis liegt bei 5 aus 7
Antwortstatistiken
Hint Antwort % Korrekt
Montag lundi
91%
Mittwoch mercredi
89%
Samstag samedi
80%
Dienstag mardi
77%
Freitag vendredi
70%
Sonntag dimanche
64%
Donnerstag jeudi
64%
Keine übereinstimmenden Quizze gefunden
Verteilung der Resultate
Anzahl Personen mit jedem Resultat
Perzentil nach korrekt beantworteten Fragen
Ihre Resultats-Entwicklung
Sie haben dieses Quiz noch nicht gespielt